书目信息 |
| 题名: |
山海经异兽图鉴
|
|
| 作者: | 文墨隐 著 | |
| 分册: | ||
| 出版信息: | 北京 人民邮电出版社 2025.01 |
|
| 页数: | 128页 | |
| 开本: | 19cm | |
| 丛书名: | ||
| 单 册: | ||
| 中图分类: | K928.626-64 | |
| 科图分类: | ||
| 主题词: | 历史地理--中国--古代 | |
| 电子资源: | ||
| ISBN: | 978-7-115-65427-4 | |
| 000 | 00783nam0 2200241 450 | |
| 001 | 013395680 | |
| 005 | 20251022204342.92 | |
| 010 | @a978-7-115-65427-4@dCNY29.80 | |
| 100 | @a20250208d2025 em y0chiy0120 ea | |
| 101 | 0 | @achi |
| 102 | @aCN@b110000 | |
| 105 | @aa z 000yy | |
| 106 | @ar | |
| 200 | 1 | @a山海经异兽图鉴@9shan hai jing yi shou tu jian@f文墨隐著 |
| 210 | @a北京@c人民邮电出版社@d2025.01 | |
| 215 | @a128页@d19cm | |
| 330 | @a本书以《山海经》为蓝本,精选了100多只异兽,以水彩的方式绘制出了精美的画作,并配合《山海经》的原文、译文,集结成收藏画册。 | |
| 605 | @a《山海经》@j图集 | |
| 606 | 0 | @a历史地理@y中国@z古代 |
| 690 | @aK928.626-64@v5 | |
| 701 | 0 | @a文墨隐@9wen mo yin@4著 |
| 801 | 0 | @aCN@c20250909 |
| 905 | @a河南城建学院图书馆@dK928.626@eW652@ZW652@f1 | |
| 山海经异兽图鉴/文墨隐著.-北京:人民邮电出版社,2025.01 |
| 128页;19cm |
| ISBN 978-7-115-65427-4:CNY29.80 |
| 本书以《山海经》为蓝本,精选了100多只异兽,以水彩的方式绘制出了精美的画作,并配合《山海经》的原文、译文,集结成收藏画册。 |
| ● |
| 相关链接 |
|
|
|
正题名:山海经异兽图鉴
索取号:K928.626/W652
 
预约/预借
| 序号 | 登录号 | 条形码 | 馆藏地/架位号 | 状态 | 备注 |
| 1 | 1633041 | 216330414 | 社科库309/309社科库 17排1列1层/ [索取号:K928.626/W652] | 在馆 |